000 00919nam a2200241 i 4500
001 180928
003 ES-MaACL
005 20230906221224.0
008 120829r19901908sp |||| | spa d
080 _a34(460.152)
080 _a35(460.152)
100 1 _aBalparda, Gregorio de.
_925102
245 1 3 _aEl sentido liberal del Fuero de Vizcaya
_b: [conferencia pronunciada en la Sociedad "El Sitio", el día 6 de mayo de 1908] /
_cpor Gregorio de Balparda.
260 _aBilbao :
_bSociedad "El Sitio",
_c[ca. 1990]
300 _a20 p. ;
_c23 cm.
490 1 _aPublicaciones de la Sociedad "El Sitio" ;
_v4
534 _pReprod. de la ed. de:
_cBilbao : Asociación de Propaganda Democrática, 1908.
650 4 _aFueros-
_zVizcaya.
_912996
710 2 _aSociedad "El Sitio"
_96704
830 1 _aPublicaciones de la Sociedad "El Sitio" ;
_v4
_9191747
852 _aES-MaACL
_j2318-F-11
999 _c180928
_d180928